000 00447nam a22001697a 4500
005 20250801151337.0
008 250801b |||||||| |||| 00| 0 eng d
020 _a978-81-8031-641-8
041 _aeng
082 _a891.433
_bPREN
100 _aPremchand
245 _aNirmala/Premchand
260 _aPrayagraj:
_bLokbharti Paperbacks,
_c2023
300 _a139p.
880 _6245
_aनिर्मला/प्रेमचंद
942 _cBK
999 _c27995
_d27995